Art sense : (Record no. 94106)

MARC details
000 -LEADER
fixed length control field 00786nam a22002297a 4500
003 - CONTROL NUMBER IDENTIFIER
control field OSt
005 - DATE AND TIME OF LATEST TRANSACTION
control field 20260505170830.0
008 - FIXED-LENGTH DATA ELEMENTS--GENERAL INFORMATION
fixed length control field 260505b |||||||| |||| 00| 0 eng d
020 ## - INTERNATIONAL STANDARD BOOK NUMBER
International Standard Book Number 9789719809302
040 ## - CATALOGING SOURCE
Transcribing agency HS LRC
050 ## - LIBRARY OF CONGRESS CALL NUMBER
Classification number NX 280
Item number .T65 2018
100 ## - MAIN ENTRY--PERSONAL NAME
Personal name Devilles. Gary C.
9 (RLIN) 131687
245 ## - TITLE STATEMENT
Title Art sense :
Remainder of title sensing the arts in the everyday /
Statement of responsibility, etc. Gary C. Devilles, Reagan R. Maiques, Rolando B. Tolentino
260 ## - PUBLICATION, DISTRIBUTION, ETC. (IMPRINT)
Place of publication, distribution, etc. Quezon City :
Name of publisher, distributor, etc. C&E Publishing,
Date of publication, distribution, etc. c2018.
300 ## - PHYSICAL DESCRIPTION
Extent xi, 313 p. :
Other physical details col. ill. ;
Dimensions 22 cm.
365 ## - TRADE PRICE
Price amount 378.00
504 ## - BIBLIOGRAPHY, ETC. NOTE
Bibliography, etc includes appendices, bibliography and index.
650 ## - SUBJECT ADDED ENTRY--TOPICAL TERM
Topical term or geographic name as entry element Art appreciation
General subdivision Study and teaching.
9 (RLIN) 131688
700 ## - ADDED ENTRY--PERSONAL NAME
Personal name Maiques, Reagan R.
Relator term Author
9 (RLIN) 131689
700 ## - ADDED ENTRY--PERSONAL NAME
Personal name Tolentino, Rolando B.
Relator term Auhor
942 ## - ADDED ENTRY ELEMENTS (KOHA)
Source of classification or shelving scheme Library of Congress Classification
Koha item type Books
Holdings
Withdrawn status Lost status Source of classification or shelving scheme Damaged status Not for loan Collection code Home library Current library Shelving location Date acquired Source of acquisition Cost, normal purchase price Inventory number Total Checkouts Full call number Barcode Date last seen Copy number Cost, replacement price Price effective from Koha item type
    Library of Congress Classification     Faculty Reference Collection DLSU-D HS Learning Resource Center DLSU-D HS Learning Resource Center Faculty Collection 06/24/2025 HS LRC SY 2024-2025 378.00 FRC-002591   NX 280 .T65 2018 3HS00000002591 05/05/2026 002591 378.00 05/05/2026 Books